Elektrická charakterizácia vlastností štruktur MOS s veľmi tenkým oxidom

Uložené v:
Podrobná bibliografia
Hlavný autor: Benko, Peter (Autor)
Ďalší autori: Harmatha, Ladislav, 1948- (Vedúci práce)
Médium: Rukopis Kniha
Jazyk:Slovak
Vydavateľské údaje: Bratislava : STU v Bratislave FEI, 2004
Predmet:
Tagy: Pridať tag
Žiadne tagy, Buďte prvý, kto otaguje tento záznam!

MARC

LEADER 00000ntm a22000003a 4500
001 stu116472
005 20160719165009.3
008 060421s2004----xo------------------slo-d
040 |a STU  |b slo 
041 0 |a slo 
044 |a xo 
100 1 |a Benko, Peter  |4 aut 
245 1 |a Elektrická charakterizácia vlastností štruktur MOS s veľmi tenkým oxidom 
260 |a Bratislava :  |b STU v Bratislave FEI,  |c 2004 
300 |a 54 s 
650 7 |a elektronika  |2 stusub 
700 1 |a Harmatha, Ladislav,  |d 1948-  |4 ths  |u E030  |U FEI Fakulta elektrotechniky a informatiky  |T FEI Ústav elektroniky a fotoniky  |X 2055  |U E030  |Y 549  |7 A000002055